000 00596nam a2200229Ia 4500
003 OSt
005 20220924130620.0
006 a|||||r|||| 00| 0
007 ta
008 220923b |||||||| |||| 00| 0 urd d
024 _a310834
037 _cTextual
040 _aARTS
_cARTS
_burd
041 _2urd
_aurd
082 _aO168:g, N8
100 _aShehMeri Muzaffar
_9200323
245 0 _aNaqsh-wo-nazar
260 _aTirupati
_bMeraj India
_c1998
650 _aURDU LITERATURE
942 _hO168:g, N8
_cTEXL
_2CC
999 _c424981
_d424981